000
00258nam a2200121Ia 4500
100
_a
#N/A
650
_a
Computer/ IT
942
_c
BK
654
_a
simulation
245
_a
Applied Simulation Modeling Course Technology
260
_b
#N/A
546
_a
ENGLISH
999
_c
32428
_d
32428